000 00810nas a2200265 4500
001 BR2014007663
003 BR-BrBNA
005 20231205124806.0
007 ta
008 230509b bl.|||p| |||| 00| 00por d
040 _aBR-BrBNA
_bpor
_cBiblioteca Nacional de Agricultura
041 _a(Pt)
072 _aK10; J12
100 1 _aSeger, C.D.
100 1 _aBatista, A.C.
100 1 _aTetto, A.F.
100 1 _aSoares, R.V.
245 1 _aComportamento do fogo em queimas controladas de vegetação de estepe no município de Palmeira, Paraná, Brasil
650 _aFLORESTA
650 _aQUEIMADA
650 _aCOMPORTAMENTO
773 0 _tFloresta (Brazil)
_xISSN 0015-3826
_g(Oct-Dec 2013), v. 43(4) p. 557-568
_wBR2014007663
909 _a202311
_bLúcia
_c55
_dLúcia Elande
942 _2AGRIS
_n0
_cANA
999 _c240926
_d240926